000 00727cam a2200265 4500500
005 20260329001241.0
041 _afre
042 _adc
100 1 0 _aMoreau, Anne-Sophie
_eauthor
700 1 0 _ade Montety, Catherine
_eauthor
700 1 0 _aNicolas, Ariane
_eauthor
245 0 0 _aL’Effet Matilda
260 _c2023.
500 _a99
690 _aCompétences
690 _aEntreprise
690 _aÉvaluation
690 _aFemmes/hommes
690 _aRecognition
690 _aRessources humaines
690 _aTalent
690 _aTravail
786 0 _nPhilonomist | - | 4 | 2023-03-06 | p. 1-2
856 4 1 _uhttps://shs.cairn.info/magazine-philonomist-2023-4-page-1?lang=fr&redirect-ssocas=7080
999 _c1803530
_d1803530